000
00310nam a22001337a 4500
008
170828b xxu||||| |||| 00| 0 eng d
020
_a
9781285131023
041
_a
eng
080
_a
070
100
_a
39
101
_a
MED
245
_a
MULTIMODAL COMMUNICATION FUNDAMENTALS
_c
SELLNOV.S
942
_2
udc
_c
BK
999
_c
25192
_d
25192